Nestárnoucí smích aneb u nás v Huhuhově

Další autoři: Rohlena, Vladimír, 1921-1987, Černík, Lubomír, 1924-1978, Krosnar, Sándor, Rosůlková, Marie, 1901-1993, Beyvl, Josef, 1906-1978, Neděla, Milan, 1934-1997, Tušl, Jiří, 1943-
Jazyk: Čeština
Vydáno: Praha : Supraphon, p+c 2006
Témata:
Fyzický popis: 1 zvuková deska (76:47) : digital, stereo ; 12 cm + 1 leták (12 x 24 cm)
Zvukové nahrávky
Uloženo v:
LEADER 01847njm a2200409 a 4500
001 000834081
003 CZ BrMZK
005 20070111112836.0
007 sd fsngnnmmned
008 061129s2005 xr || gs cze d
028 0 0 |a SU 5753-2  |b Supraphon 
040 |a BOA001  |b cze 
041 0 |a cze  |g cze 
072 7 |a 791/793  |x Divadlo, film, tanec (obecně)  |2 Konspekt  |9 3 
080 |a 82-7  |2 MRF 
080 |a (086.76)  |2 MRF 
245 0 0 |a Nestárnoucí smích  |h [zvukový záznam] :  |b aneb u nás v Huhuhově 
260 |a Praha :  |b Supraphon,  |c p+c 2006 
300 |a 1 zvuková deska (76:47) :  |b digital, stereo ;  |c 12 cm +  |e 1 leták (12 x 24 cm) 
500 |a Kompaktní deska 
500 |a Kompilace 
500 |a Zvuková režie a mastering této kompilace Ivan Mikota 21. 6. 2006 ve studiu Mi 91 
505 0 0 |t U nás v Huhuhově --  |t Porodnice --  |t Zlý sen --  |t Nimroda --  |t Ve finále brekekec --  |t Instalatér --  |t Miláček --  |t Akce hroch --  |t Nečti, miláčku --  |t Monolog na obranu tlustých žen --  |t Starosti pana Melichara --  |t Věrnostní přídavek - anekdoty 
511 0 |a Účinkují Marie Rosůlková, Josef Beyvl, Lubomír Černík a další 
650 0 7 |a humor  |7 ph117205  |2 czenas 
655 7 |a kompaktní desky  |7 fd201991  |2 czenas 
700 1 |a Rohlena, Vladimír,  |d 1921-1987  |7 jk01102600  |4 aut 
700 1 |a Černík, Lubomír,  |d 1924-1978  |7 jk01021421  |4 aut  |4 prf 
700 1 |a Krosnar, Sándor  |4 aut 
700 1 |a Rosůlková, Marie,  |d 1901-1993  |7 jn20000402137  |4 prf 
700 1 |a Beyvl, Josef,  |d 1906-1978  |7 jn99240000073  |4 prf 
700 1 |a Neděla, Milan,  |d 1934-1997  |7 jn19990218074  |4 prf 
700 1 |a Tušl, Jiří,  |d 1943-  |7 kup19960000103438  |4 com  |4 wfw 
910 2 |a BOA001  |b CDA-1178.406 
990 |a AV 
991 |b 200701 
996 6 |b 2610297903  |c CDA-1178.406  |l MZK  |r Sklad / do 24 hodin  |n 0  |p p.v.  |w 000834081  |u 000010  |a 1  |e BOA001  |j MZK50  |s P